000 00574nam a2200181Ia 4500
003 GCL
008 140319s9999 xx 000 0 aFre d
040 _aGCL /
_cGCL
082 0 4 _a050
_bR E
100 1 _aASSOCITION INTER DES ECRIVAINS DE LANGU
245 1 0 _aLE REVUE DU CAIRE :BULLETIN DE LITTERATURE ET DE CRITIQUE ( 1938 : 1960 ) 61 VOL /
_cASSOCITION INTER DES ECRIVAINS DE LANGU
260 _a[S.N] :
_bASSOCIATION INTERATIONALE DES ECRIVAINS ،
_c1938
650 0 4 _aLITERATURE
650 0 4 _aHISTORY
650 0 4 _aCAIRO
650 0 4 _aCRITICISM
942 _2ddc
_cBK
999 _c25834
_d25834